Essential words for the TOEFL : Test of English as a foreign language /

Đã lưu trong:
Sonraí Bibleagrafaíochta
Príomhúdar: Matthiesen, Steven J., M.A
Formáid: Leabhar
Teanga:Vietnamese
Foilsithe: TR 2000
Clibeanna: Cuir Clib Leis
Gan Chlibeanna, Bí ar an gcéad duine leis an taifead seo a chlibeáil!
Thư viện lưu trữ: Mạng thư viện Đại học Đà Nẵng
LEADER 00694nam a2200265 4500
001 000027783
003 MA-S
005 20150403120000.0
008 150403s vm 000 vie
020 |c 0,0000 
040 |a notts 
100 |a Matthiesen, Steven J., M.A 
245 |a Essential words for the TOEFL : Test of English as a foreign language /  |c Steven J. Matthiesen ; Nguyễn Văn Phước chú giải. 
260 |b TR  |c 2000 
OWN |a LTT 
999 |a From the UDN01 
TYP |a Monograph 
TYP |a Printed language 
980 |a Mạng thư viện Đại học Đà Nẵng